Měli štěstí / Catherine Hokin ; z anglického originálu The fortunate ones přeložil Ondřej Prokop
Působivý historický román z pera britské autorky vypovídá o síle lásky a naděje v pohnutých dobách nacismu. Tiskařský učeň Felix Thalberg se musí vypořádat s těžkou situací. Jeho milované město se proměňuje pod nadvládou nacistů. Jednoho večera se v přeplněné tančírně potká se záhadnou mladou ženou, která mu změní život jednou provždy. Hana je pro jeho chmurný a stagnující život jako závan čerstvého vzduchu a Felix se do ní okamžitě zamiluje. Když se ji ale pokouší znovu najít, nenachází po ní ani stopy. Vězní Hanu gestapo? Nebo se jí stalo ještě něco horšího? Nakladatelská anotace. Kráceno.
Record details
- ISBN: 978-80-277-0370-8
- Physical Description: 363 stran ; 21 cm
- Publisher: Praha : Dobrovský s.r.o., 2022
Search for related items by subject
| Subject: | holocaust (1939-1945) holocaust (1939-1945) |
| Genre: | anglické romány historické romány English fiction historical novels |
Search for related items by series
Available copies
- 1 of 1 copy available at Common Catalog SPOK.
Holds
- 0 current holds with 1 total copy.
Show All Copies
| Location | Call Number / Copy Notes | Barcode | Shelving Location | Status | Due Date |
|---|---|---|---|---|---|
| The Jewish community of Prague | K 3845 | 4638301164 | K - Beletrie | Available | - |
| LDR | 02174nam a2200469 i 4500 | ||
|---|---|---|---|
| 001 | 53956 | ||
| 003 | CZ-PrJAB | ||
| 005 | 20221208065713.0 | ||
| 007 | ta | ||
| 008 | 220818s2022 xr g 000 f cze | ||
| 015 | . | ‡acnb003443323 | |
| 020 | . | ‡a978-80-277-0370-8 ‡q(vázáno) | |
| 035 | . | ‡a(CZ PrNK)nkc20223443323 | |
| 035 | . | ‡a(OCoLC)1354195386 | |
| 040 | . | ‡aABG001 ‡bcze ‡dABA001 ‡erda | |
| 041 | 1 | . | ‡acze ‡heng |
| 045 | . | ‡ax3x4 | |
| 072 | 7. | ‡a821.111-3 ‡xAnglická próza, anglicky psaná ‡2Konspekt ‡925 | |
| 080 | . | ‡a821.111-31 ‡2MRF | |
| 080 | . | ‡a323.12"1939/1945" ‡2MRF | |
| 080 | . | ‡a(0:82-311.6) ‡2MRF | |
| 100 | 1 | . | ‡aHokin, Catherine ‡7xx0275982 ‡4aut |
| 240 | 1 | 0. | ‡aFortunate ones. ‡lČesky |
| 245 | 1 | 0. | ‡aMěli štěstí / ‡cCatherine Hokin ; z anglického originálu The fortunate ones přeložil Ondřej Prokop |
| 264 | 1. | ‡aPraha : ‡bDobrovský s.r.o., ‡c2022 | |
| 300 | . | ‡a363 stran ; ‡c21 cm | |
| 336 | . | ‡atext ‡btxt ‡2rdacontent | |
| 337 | . | ‡abez média ‡bn ‡2rdamedia | |
| 338 | . | ‡asvazek ‡bnc ‡2rdacarrier | |
| 490 | 1 | . | ‡aKontrast |
| 520 | 2 | . | ‡aPůsobivý historický román z pera britské autorky vypovídá o síle lásky a naděje v pohnutých dobách nacismu. ‡bTiskařský učeň Felix Thalberg se musí vypořádat s těžkou situací. Jeho milované město se proměňuje pod nadvládou nacistů. Jednoho večera se v přeplněné tančírně potká se záhadnou mladou ženou, která mu změní život jednou provždy. Hana je pro jeho chmurný a stagnující život jako závan čerstvého vzduchu a Felix se do ní okamžitě zamiluje. Když se ji ale pokouší znovu najít, nenachází po ní ani stopy. Vězní Hanu gestapo? Nebo se jí stalo ještě něco horšího? Nakladatelská anotace. Kráceno. |
| 648 | 7. | ‡a1939-1945 ‡7ch460653 ‡2czenas | |
| 650 | 0 | 7. | ‡aholocaust (1939-1945) ‡7ph117203 ‡2czenas |
| 650 | 0 | 9. | ‡aholocaust (1939-1945) ‡2eczenas |
| 655 | 7. | ‡aanglické romány ‡7fd131814 ‡2czenas | |
| 655 | 7. | ‡ahistorické romány ‡7fd132414 ‡2czenas | |
| 655 | 9. | ‡aEnglish fiction ‡2eczenas | |
| 655 | 9. | ‡ahistorical novels ‡2eczenas | |
| 700 | 1 | . | ‡aProkop, Ondřej ‡4trl |
| 830 | 0. | ‡aKontrast | |
| 910 | . | ‡aABE461 | |
| 995 | . | ‡aska | |
| 901 | . | ‡a53956 ‡bAUTOGEN ‡c53956 ‡tbiblio | |